000 00608nam a2200229 a 4500
001 0001-1209
003 ELIB.Books
008 150519 2010 eng
020 _aKBTS
035 _a(ELIB.Books)0001-1364
092 _aJ
_bMos
100 _aMostert, Johan, Marvin Gilbert
245 _aObtaining Informed Consent in Missiological Sensitive Contexts
260 _c2013 Mission 37,1 Library
300 _cVol. 37, No.1
500 _aLibrary
650 _aMission
856 _nKBTS: Library
_uKBTS: Elib
942 _2ddc
_cBK
998 _cbat
_e2015-05-19
999 _c11209
_d11209